Dolphin adventure / (Record no. 3468)

MARC details
000 -LEADER
fixed length control field 00714nam a22002417a 4500
001 - CONTROL NUMBER
control field 3468
003 - CONTROL NUMBER IDENTIFIER
control field FISKH
005 - DATE AND TIME OF LATEST TRANSACTION
control field 20240307150532.0
008 - FIXED-LENGTH DATA ELEMENTS--GENERAL INFORMATION
fixed length control field 240307b cb ||||| |||| 00| 0 eng d
040 ## - CATALOGING SOURCE
Original cataloging agency FISK
Language of cataloging eng
Transcribing agency FISK
Modifying agency FISK
050 ## - LIBRARY OF CONGRESS CALL NUMBER
Classification number QL795.D7
082 ## - DEWEY DECIMAL CLASSIFICATION NUMBER
Classification number 599.53
100 ## - MAIN ENTRY--PERSONAL NAME
Personal name Grover Wayne
Dates associated with a name 1906-1970
245 ## - TITLE STATEMENT
Title Dolphin adventure /
Statement of responsibility, etc. Wayne Grover
260 ## - PUBLICATION, DISTRIBUTION, ETC.
Place of publication, distribution, etc. New York :
Name of publisher, distributor, etc. Harper Trophy,
Date of publication, distribution, etc. 2000
300 ## - PHYSICAL DESCRIPTION
Extent 70 pages :
Other physical details illustrations,
Dimensions 20 cm
505 ## - FORMATTED CONTENTS NOTE
Formatted contents note Q
520 ## - SUMMARY, ETC.
Summary, etc. A diver describes how he encounters and gains the trust of a family of dolphins and saves the life of their baby.
521 8# - TARGET AUDIENCE NOTE
Target audience note 930
Source Lexile
700 ## - ADDED ENTRY--PERSONAL NAME
Personal name Wayne Grover
942 ## - ADDED ENTRY ELEMENTS (KOHA)
Source of classification or shelving scheme Dewey Decimal Classification
Koha item type Books
Suppress in OPAC No
Holdings
Withdrawn status Lost status Source of classification or shelving scheme Damaged status Not for loan Collection Home library Current library Shelving location Date acquired Total Checkouts Full call number Barcode Date last seen Copy number Price effective from Koha item type
    Dewey Decimal Classification     Non-Fiction Footprints International School Library Network Toul Kork Campus Footprints International School Library Network Toul Kork Campus TTP Secondary Non-Fiction Bookshelves 03/07/2024   GRO QL795.D7 599.53 2024-0287 03/07/2024 1 03/07/2024 Books